00650nam a2200241 a 4500001001300000003000900013005001700022008004100039020001000080082001500090100002100105245002100126260003400147300000900181500003500190505001700225650001700242700002100259902000800280942000700288952009600295999001700391nice12345678IN_TiNIC20260116013601.0050524s1958 guna grp 000 0 eng  ac10000a275.4bFIS aFishman, Alvin T aFor This Purpose aGuntur bAlvin Fishman c1958 a162p aincludes index and biblioraphy2 aBibliography aChurch-India1 aFishman, Alvin T bSRS cBK 00104070aHMIbHMId2007-07-18g100.00l0o275.4 FISp016090r2007-07-18w2026-01-16yEB c11556d11556